00516nam a2200181 a 4500008004100000020001500041050001800056100001800074245004000092250001200132260002600144300002000170350000900190650001500199650003400214650002700248650005900275120416s1995 ||||||||||||||||| || u a052148345X aSB 605.G7 Car aCarlile, W. R10aControl of crop diseases. (2nd ed.) a2nd ed. aCambridge:bCUPc1995 ax, 145p. : ill. a0.00 aFungicides aPLANT DISEASES--GREAT BRITAIN aPLANT DISEASES--EUROPE aPHYTOPATHOGENIC MICROORGANISMS--CONTROL--GREAT BRITAIN